000 00340nam a2200133Ia 4500
008 230724s2007 xx und d
020 _a3895088943
041 _aeng
082 _a726.77
100 _aFRANCOIS J.& DHUYS L.
245 _aCISTERCIAN ABBEYS HISTORY AND ARCHITECTURE
260 _bKOTHARI BOOK DEPOT
_c2007
300 _a399
999 _c1173987
_d1173987